000 01134nam a2200289 a 4500
999 _c327903
_d327903
003 BLK
005 20230919180823.0
008 181217b bu |||gr|||| 00| 0 bu d
020 _a9789540203461
040 _aBLK
041 _aBUL
_cBUL
080 _aЛитовска литература
_b821.172
_x-31
_z821.172-31
100 _aШалтянис, Саулюс
_eпърви автор
_91299
139 _aШалтянис, Саулюс
_bШ 18
240 _aZydu kakalaites dienokastis
245 _aДневникът на еврейската принцеса
_bРоман
260 _9209548
_aСофия
_bНаука и изкуство
_c2018
_fАбагар
_g2018
300 _a192 с.
_c20 см
380 _aX
500 _aОриг. загл.: Zydu kakalaites dienokastis / Saulius Saltenis Биогр. данни за авт. отбелязани на гърба на кор.
700 _9966
_aПенчева, Антония Иванова
_eпрев.
852 _aЦб 292762
942 _cKNG
_n0
_02
944 _aCR
_c2018-12-17
_k30564
_lГалина Якимова
999 _d327903
999 _d327903